000 00310 a2200145 4500
001 121080
040 _cEscola Canadense de Niteroi
245 1 0 _aMapa do Brasil: divisão regional
250 _a6. ed.
260 _aRio de Janeiro
362 0 _a2012
650 4 _aMapa
650 4 _aBrasil
942 _cMATP
999 _c121080
_d121080